North African Capitals - Statistics

General Stats
  • This quiz has been taken 1,744 times
    1,659 since last reset
  • The average score is 6 of 8
Answer Stats
Hint Answer % Correct
Egypt Cairo
99%
Tunisia Tunis
95%
Algeria Algiers
91%
Morocco Rabat
85%
Libya Tripoli
83%
Sudan Khartoum
64%
South Sudan Juba
54%
Cape Verde Praia
44%
No matching quizzes found
Score Distribution
Percent of People with Each Score
Percentile by Number Answered
Your Score History
You have not taken this quiz since the last reset